000 01210nam a22002657a 4500
005 20170124102933.0
010 _aA-952253
020 _c80.00
_a8185476144
035 _aA-952253
037 _bCen Lib/Ret
040 _aDPL
_bHN
082 _a332.1
_bजैनब्र
100 _aजैन, ब्रजेश कुमार
_945577
245 _aभारतीय बैंकिंग और भाषा प्रयोग /
_cब्रजेश कुमार जैन
246 _aBhartiye banking aur bhasha prayog /
_bby Brajesh Kumar Jain
260 _bराष्ट्रीय सेल्स एजेन्सीज
_aजयपुर
_c1998
270 _a9-बी, सहकार नगर 'सी' शिल्प कॉलोनी, झोटवाडा
_bजयपुर
_e302012
300 _a138पृ.
_c20सेमी (सजिल्द)
500 _aसंदर्भ शामिल
650 _aभारतीय बैंकिंग
_945578
650 _aहिन्दी -- साहित्य
_945579
650 _aIndian banking
_945580
650 _aHindi literature
_945581
942 _2ddc
_cHN
_h332.1
_mजैनब्र
999 _c112035
_d112035